000 00559nam a2200121Ia 4500
008 220620s9999||||xx |||||||||||||| ||und||
100 _aMaddaus, Michelle||Maddaus, Lisa||Maddaus, William
245 0 _aPreparing Urban Water Use Efficiency Plans
_bA Best Practice Guide
546 _aEnglish[eng]
650 _aTechnology & Engineering||Environmental||General||Science||Applied Sciences||Science||Environmental Science (see Also Chemistry||Environmental)
856 _uhttps://library.oapen.org/bitstream/20.500.12657/43803/1/external_content.pdf
942 _cEB
999 _c29483
_d29483